STRUCTURAL PROPERTIES OF APRICOT GUM POLYSACCHARIDES. IV. OBSERVATION ON THEIR CHANGES DURING VEGETATIVE CYCLE AFTER EVOKED GUMMOSIS BY PATHOGENS

Bibliographic Details
Main Authors: Rosík, Jozef (Author), Kubala, Jozef (Author), Lačok, Pavol (Author), Stanová, Mária (Author)
Format: Article
Language:English

MARC

LEADER 00000nab a2200000uu 4500
001 vtls011442234
003 SK-MaSNL
005 20260303123319.0
008 230213|1971 xo |||||||||||||||||eng|
015 |a SNBRB 
035 |a (urnnbn)urn:nbn:sk:snk:ar-0031xz 
035 |a (uuid)fcb43414-eec3-460d-b5fb-1f44534efbd9 
035 |a urn:nbn:sk:snk-abcgap 
040 |a SNKBUCL  |b slo  |c SNKBUCL  |e AACR2 
041 0 |a eng 
044 |a xo  |c SK 
100 1 |a Rosík, Jozef  |4 aut  |9 1137991 
245 1 0 |a STRUCTURAL PROPERTIES OF APRICOT GUM POLYSACCHARIDES. IV. OBSERVATION ON THEIR CHANGES DURING VEGETATIVE CYCLE AFTER EVOKED GUMMOSIS BY PATHOGENS  |c Jozef Rosík, Jozef Kubala, Mária Stanová, Pavol Lačok 
700 1 |a Kubala, Jozef  |4 aut  |9 350924 
700 1 |a Lačok, Pavol  |4 aut  |9 1135067 
700 1 |a Stanová, Mária  |4 aut  |9 1118314 
773 0 |t Biológia : časopis Slovenskej akadémie vied  |g Roč. 26, č. 1 (1971), s. 13-18 
954 |a odborná, vedecká literatúra pôvodná (slovenská)  |2 lita 
958 |a OND 
958 |a EUIPO 
958 |a article16 
999 |c 1925113  |d 1927043